| 000 | 00566nam a2200193 a 4500 | ||
|---|---|---|---|
| 005 | 20251009063913.0 | ||
| 008 | 121005s2011 mx r 000 0 spa d | ||
| 020 | _a9786077702047 | ||
| 035 | _aUPN01000187154 | ||
| 049 | _aCG | ||
| 050 | 4 |
_aKGF3015 _bT4.7 |
|
| 245 | 0 | 0 |
_a3er. Concurso de ensayo : _buniversitarios construyendo transparencia. |
| 260 |
_aMéxico : _bINFODF, _c2011. |
||
| 300 | _a200 p. | ||
| 650 | 4 |
_aLibertad de información _zMéxico _916597 |
|
| 650 | 2 |
_aTransparencia en el gobierno _zMéxico _911094 |
|
| 905 | _aLibro | ||
| 999 |
_c159257 _d159257 |
||